<The> Development of Auto Transport in Ukraine in the Focus of International Comparison

Odhad stavu vývoja odvetvia automobilovej dopravy na Ukrajine v medzinárodnom porovnaní. Porovnanie výroby, služieb a konkurencieschopnosti dopravnej infraštruktúry v SR, Ukrajiny a krajín Európskej únie.

Gespeichert in:
Bibliographische Detailangaben
1. Verfasser: Ovchar, Petro A.
Format: Buchkapitel
Sprache:Russisch
Schlagworte:
Tags: Tag hinzufügen
Keine Tags, Fügen Sie das erste Tag hinzu!

MARC

LEADER 00000naa a2200000 4500
001 0253509
005 20220719071828.4
041 0 |a rus 
044 |a UA 
245 1 0 |a <The> Development of Auto Transport in Ukraine in the Focus of International Comparison  |c Petro A. Ovchar 
520 |a Odhad stavu vývoja odvetvia automobilovej dopravy na Ukrajine v medzinárodnom porovnaní. Porovnanie výroby, služieb a konkurencieschopnosti dopravnej infraštruktúry v SR, Ukrajiny a krajín Európskej únie. 
610 2 0 |a doprava automobilová 
610 2 0 |a infraštruktúra dopravná 
610 2 0 |a Ukrajina 
610 2 0 |a Slovensko 
610 2 0 |a Európska únia 
610 2 0 |a porovnanie medzinárodné 
100 1 |a Ovchar, Petro A.